Aesops Fables (Record no. 1382809)

MARC details
000 -LEADER
fixed length control field 00491nam a2200229Ia 4500
008 - FIXED-LENGTH DATA ELEMENTS--GENERAL INFORMATION
fixed length control field 160525s9999||||xx |||||||||||||| ||und||
040 ## - CATALOGING SOURCE
Transcribing agency English
082 ## - DEWEY DECIMAL CLASSIFICATION NUMBER
Classification number XV.G/Ashok
082 ## - DEWEY DECIMAL CLASSIFICATION NUMBER
Item number BORI-72432
245 ## - TITLE STATEMENT
Title Aesops Fables
300 ## - PHYSICAL DESCRIPTION
Extent 48
300 ## - PHYSICAL DESCRIPTION
Dimensions A
300 ## - PHYSICAL DESCRIPTION
Accompanying material Paprback
530 ## - ADDITIONAL PHYSICAL FORM AVAILABLE NOTE
Availability source Jaitely
530 ## - ADDITIONAL PHYSICAL FORM AVAILABLE NOTE
Uniform Resource Identifier <a href="00072432.pdf">00072432.pdf</a>
563 ## - BINDING INFORMATION
Binding note Study
630 ## - SUBJECT ADDED ENTRY--UNIFORM TITLE
Uniform title Aesops Fables
650 ## - SUBJECT ADDED ENTRY--TOPICAL TERM
Topical term or geographic name as entry element Biography
650 ## - SUBJECT ADDED ENTRY--TOPICAL TERM
Topical term or geographic name as entry element Reference
730 ## - ADDED ENTRY--UNIFORM TITLE
Uniform title Aesops Fables
942 ## - ADDED ENTRY ELEMENTS (KOHA)
Koha item type Book
Holdings
Withdrawn status Lost status Damaged status Not for loan Home library Current library Date acquired Total Checkouts Full call number Barcode Date last seen Price effective from Koha item type
        Bhandarkar Oriental Research Institute, Pune Bhandarkar Oriental Research Institute, Pune 10/07/1993   BORI-72432 BORI-72432 05/25/2016 05/25/2016 Book